[Event "MCR mladeze 2019 - FIDE Open"]
[Site "Kouty nad Desnou"]
[Date "2019.03.15"]
[Round "8"]
[White "Gemsa, Pavel"]
[Black "Cibikova, Sofia Anna"]
[Result "1-0"]
[WhiteElo "1884"]
[BlackElo "1812"]
[EventDate "2019.03.09"]

1. e4  c5  2. Nf3  e6
3. d4  cxd4  4. Nxd4
Nf6  5. Nc3  Nc6
6. Nxc6  bxc6  7. e5
Nd5  8. Ne4  Qc7
9. f4  Qb6  10. Qf3
a5  11. Bd3  Be7
12. a3  f5  13. exf6
Nxf6  14. Nxf6+  Bxf6
15. Be3  Qxb2  16. Qh5+
Ke7  17. O-O  Qxa1
18. Rxa1  Bxa1  19. f5
d6  20. Bg5+  Bf6
21. Bxf6+  gxf6  22. Qh6
Rf8  23. Qxh7+  Rf7
24. Qg6  e5  25. Be2
Bd7  26. Bh5  Be8
27. Qg8  Rd8  28. g4
d5  29. g5  fxg5
30. Bxf7  Bxf7  31. f6+
1-0

[Event "MCR mladeze 2019 - FIDE Open"]
[Site "Kouty nad Desnou"]
[Date "2019.03.15"]
[Round "8"]
[White "Vaculik, Martin"]
[Black "Lajbl, Jan"]
[Result "0-1"]
[WhiteElo "1562"]
[BlackElo "1966"]
[EventDate "2019.03.09"]

1. d4  d5  2. c4  e6
3. Nf3  c6  4. g3
f5  5. Bg2  Nf6
6. O-O  Bd6  7. b3  Qe7
8. Bb2  O-O  9. Qc1
Nbd7  10. Ba3  Ne4
11. Bxd6  Nxd6  12. Qa3
b6  13. Nbd2  Bb7
14. Ne5  Rfe8  15. Ndf3
Nf7  16. Qxe7  Rxe7
17. Nxd7  Rxd7  18. cxd5
exd5  19. Rfc1  Re7
20. e3  g5  21. Rc3
Re6  22. Re1  Rae8
23. Kf1  Ba6+  24. Kg1
Kg7  25. Bf1  Bb7
26. b4  f4  27. b5
cxb5  28. Bxb5  R8e7
29. Bf1  h5  30. Bg2
Kf6  31. a3  g4
32. Nh4  f3  33. Bf1  Nd6
34. Bd3  Ne4  35. Rc2
Rc6  36. Rec1  Rec7
37. Rxc6+  Rxc6  38. Rxc6+
Bxc6  39. Bxe4  dxe4
40. Kf1  Bd5  41. Ke1
a5  42. Kd2  b5
43. Kc3  Bf7  44. Kb2  Bg8
45. Kc3  Bh7  46. Kb2
Ke7  47. Kc2  Kd6
48. Kb2  Kc6  49. Kc2
b4  50. axb4  axb4
51. Kb3  Kb5  52. Kb2
Kc4  53. Kc2  b3+
54. Kb2  Bg8  55. Ng6
Kd3  56. d5  Bxd5
57. Nf4+  Kd2  58. Nxd5
Ke2  59. Nc3+  Kxf2
60. Nxe4+  Kxe3  61. Nc3 f2 62.
Nd1+ Ke2 0-1

[Event "MCR mladeze 2019 - FIDE Open"]
[Site "Kouty nad Desnou"]
[Date "2019.03.15"]
[Round "8"]
[White "Broz, Petr"]
[Black "Dejmal, Ondrej"]
[Result "0-1"]
[WhiteElo "1883"]
[BlackElo "1557"]
[EventDate "2019.03.09"]

1. e4  e5  2. f4  exf4
3. Nf3  g5  4. Bc4
Bg7  5. O-O  d6
6. d4  h6  7. Nc3  Nc6
8. Ne2  Bg4  9. g3
Na5  10. Bb5+  c6
11. Bd3  Qb6  12. c3
c5  13. gxf4  cxd4
14. Nfxd4  Nc6  15. Be3
Nxd4  16. cxd4  Ne7
17. Qd2  Nc6  18. d5
Nd4  19. e5  dxe5
20. fxe5  Bxe5  21. Nxd4
Bxd4  22. Rae1  O-O
23. Bh7+  Kxh7  24. Bxd4
Qg6  25. Rf6  Qh5
26. Re7  Rae8  27. Rxb7
Kg8  28. Qd3  Re1+
29. Rf1  Be2  30. Qg6+
Qxg6  31. Rxe1  Qe4
32. Bxa7  Qxd5  33. Re7
Bh5  34. a3  Rc8
35. R7e5  Qd2  36. Bf2
Rc1  37. Re8+  Kh7
38. b4  Rxe1+  39. Rxe1
Qb2  40. Re3  Bg4
41. Rg3  Be6  42. Bc5
Qc1+  43. Kf2  Qd2+
44. Kg1  Qe1+  45. Kg2
Bd5+  46. Kh3  Qe6+
0-1

[Event "MCR mladeze 2019 - FIDE Open"]
[Site "Kouty nad Desnou"]
[Date "2019.03.15"]
[Round "8"]
[White "Janouch, Jachym Stepan"]
[Black "Urbanova, Daniela"]
[Result "1-0"]
[WhiteElo "1675"]
[BlackElo "1786"]
[EventDate "2019.03.09"]

1. e4  d5  2. Nc3  Nf6
3. e5  Nfd7  4. f4
e6  5. d4  c5
6. Nf3  Nc6  7. Be3  Qb6
8. Qd2  cxd4  9. Nxd4
Bc5  10. Na4  Qb4
11. Nxc5  Qxd2+  12. Kxd2
Nxc5  13. c3  Bd7
14. g3  Ne4+  15. Kc2
Rc8  16. Rd1  Na5
17. Bg2  Ba4+  18. Nb3
Nc5  19. Bxc5  Rxc5
20. Rd4  Rc4  21. Rhd1
O-O  22. Bf1  Rxd4
23. Rxd4  Bxb3+  24. axb3
Rc8  25. Ra4  Nc6
26. b4  a6  27. b5
axb5  28. Bxb5  g6
29. Bxc6  bxc6  30. b4
c5  31. b5  Rb8
32. Ra5  Kf8  33. c4  Ke7
34. Ra7+  Ke8  35. Kb3
Rc8  36. Kc3  Kf8
37. Kb3  h6  38. Ka4
Rb8  39. Rc7  dxc4
40. Rxc5  Ra8+  41. Kb4
Ra2  42. b6  Rb2+
43. Ka5  Ra2+  44. Kb5
Ke7  45. Rxc4  Kd8
46. b7  Rb2+  47. Rb4
Rxb4+  48. Kxb4  Kc7
49. Kc5  g5  50. b8=Q+ Kxb8 51.
Kd6  gxf4  52. gxf4  Kb7
53. Ke7  Kc6  54. Kxf7
Kd5  55. Kf6  h5
56. f5  exf5  57. Kxf5
1-0

[Event "MCR mladeze 2019 - FIDE Open"]
[Site "Kouty nad Desnou"]
[Date "2019.03.15"]
[Round "8"]
[White "Jerabkova, Julia"]
[Black "Stastny, Jakub"]
[Result "0-1"]
[WhiteElo "1695"]
[BlackElo "1785"]
[EventDate "2019.03.09"]

1. d4  Nf6  2. c4  e5
3. dxe5  Ng4  4. Bf4
Nc6  5. Nf3  Bb4+
6. Nc3  Qe7  7. e3
Ngxe5  8. Nxe5  Nxe5
9. Be2  Bxc3+  10. bxc3
O-O  11. O-O  d6
12. Rb1  b6  13. c5
bxc5  14. Bxe5  Qxe5
15. Bf3  Ba6  16. Bxa8
Bxf1 17. Qxf1  Rxa8  18. Qb5
Rf8  19. Qb7  Qxc3
20. Qxc7  Qc2  21. Ra1
Qb2  22. Rd1  Qxa2
23. Qxd6  Qa5  24. h3
Qb6  25. Qd5  h6
26. Rc1  Rc8  27. Rc4
a5  28. Rf4  Qc7
29. Rg4  Rd8  30. Qb3
Rb8  31. Qc2  Rb4
32. Rg3  a4  33. Qc3
g6  34. h4  Rxh4
35. Qf6  Rb4  36. f4
a3  37. Rh3  h5
38. f5  Rb6  39. Qg5  a2
0-1

[Event "MCR mladeze 2019 - FIDE Open"]
[Site "Kouty nad Desnou"]
[Date "2019.03.15"]
[Round "8"]
[White "Janik, Marek Tobias"]
[Black "Cipl, Jan"]
[Result "0-1"]
[WhiteElo "1676"]
[BlackElo "1626"]
[EventDate "2019.03.09"]

1. c4  c5  2. Nc3  Nc6
3. g3  g6  4. Bg2
Bg7  5. Nf3  e6
6. O-O  Nge7  7. Ne4  d6
8. d3  O-O  9. Bf4
f5  10. Nxd6  e5
11. Nxc8  exf4  12. Nxe7+
Qxe7  13. gxf4  Rae8
14. e3  Bxb2  15. Rb1
Bf6  16. Ne5  Nxe5
17. fxe5  Bxe5  18. Rxb7
Qh4  19. f4  Bf6
20. Qf3  Rxe3  21. Qd5+
Kh8  22. Qxc5  Rfe8
23. Rb8  Rxb8  24. Qxe3
Rd8  25. Qh3  Qxh3
26. Bxh3  Rxd3  27. Bg2
Rd2  28. a4  Kg7
29. Rc1  Bd4+  30. Kh1
Bc5  31. h3  Be3
32. c5  Bxf4  33. c6
Bc7  34. Rb1  Kf6
35. Rb7  Rd1+  36. Bf1
Rxf1+  37. Kg2  Rc1
38. Rxc7  h6  39. Rxa7
Rxc6  40. a5  Rc2+
41. Kg1  Ra2  42. a6
g5  43. Ra8  f4
44. a7  Kg7  45. Kf1  h5
46. h4  g4  47. Rc8
Rxa7  48. Rc5  Kg6
49. Rg5+  Kh6  50. Rf5
f3  0-1

[Event "MCR mladeze 2019 - FIDE Open"]
[Site "Kouty nad Desnou"]
[Date "2019.03.15"]
[Round "8"]
[White "Sojma, Zdenek"]
[Black "Kanka, Matej"]
[Result "0-1"]
[WhiteElo "1841"]
[BlackElo "1975"]
[EventDate "2019.03.09"]

1. e4  c5  2. Nf3  Nc6
3. d4  cxd4  4. Nxd4
e5  5. Nb5  a6
6. Nd6+  Bxd6  7. Qxd6  Qf6
8. Qxf6  Nxf6  9. f3
d5  10. exd5  Nxd5
11. c3  Bf5  12. Be2
O-O-O  13. Kf2  Nf4
14. Be3  Bd3  15. Bxf4
exf4  16. Re1  Ne5
17. Rd1  Rhe8  18. Rd2
Bxe2  19. Rxd8+  Kxd8
20. Kxe2  Nc4+  21. Kf1
0-1

[Event "MCR mladeze 2019 - FIDE Open"]
[Site "Kouty nad Desnou"]
[Date "2019.03.15"]
[Round "8"]
[White "Stocek, Martin"]
[Black "Hradek, Matyas"]
[Result "1/2-1/2"]
[WhiteElo "1704"]
[BlackElo "1477"]
[EventDate "2019.03.09"]

1. d4  g6  2. c4  Nf6
3. Nc3  Bg7  4. e4
d6  5. f3  Nbd7
6. Be3  b6  7. Bd3  c5
8. d5  Ba6  9. Qd2
Ne5  10. b3  Rb8
11. O-O-O  Bc8  12. h3
a6  13. f4  Nxd3+
14. Qxd3  Nd7  15. Nf3
b5  16. Rd2  Qa5
17. Rc2  bxc4  18. bxc4
Qa3+  19. Kd2  Bxc3+
20. Qxc3  Qxc3+  21. Rxc3
Nf6  22. Kd3  Nxe4
23. Rb3  Rxb3+  24. axb3
Bf5  25. Ra1  Ng5+
26. Ke2  Nxf3  27. Kxf3
Bc8  28. Ke2  O-O
29. Kd2  Bb7  30. g4
f6  31. Bf2  Kf7
32. Re1  Rb8  33. Kc3
Bc8  34. Bg3  Rb7
35. Ra1  Ra7  36. Bf2
Ra8  37. Rd1  a5
38. Ra1  Bd7  39. Bg3
a4  40. bxa4  Rxa4
41. Rxa4  Bxa4  42. g5
f5  43. Be1  e6
44. dxe6+  Kxe6  45. Kd3  d5
46. cxd5+  Kxd5  47. Bd2
c4+  48. Ke3  Kc5
49. Bc3  Bc2  50. Bd2
Bd3  51. h4  Kb5
52. Kd4  Ka4  53. Kc3
Kb5  54. Kd4  Kc6
55. Be1  Kb5  56. Bd2
Kc6 1/2-1/2

[Event "MCR mladeze 2019 - D12"]
[Site "Kouty nad Desnou"]
[Date "2019.03.16"]
[Round "9"]
[White "Zelbova, Lada"]
[Black "Janouskova, Adela"]
[Result "1/2-1/2"]
[WhiteElo "1221"]
[BlackElo "1258"]
[EventDate "2019.03.09"]

1. e4  c5  2. Nc3  e6
3. f4  a6  4. Nf3
d5  5. d3  Nf6
6. Bd2  g6  7. g3  Bg7
8. Bg2  O-O  9. O-O
Nc6  10. e5  Nd7
11. a4  Ne7  12. Kh1
Nf5  13. Ne2  Qe7
14. c3  Nb6  15. a5
Nd7  16. d4  Rd8
17. Qc2  Rb8  18. Rab1
Re8  19. Rfc1  Qd8
20. b4  c4  21. Qa2
b5  22. axb6  Nxb6
23. b5  axb5  24. Rxb5
Bd7  25. Ra5  Ra8
26. Rxa8  Qxa8  27. Qxa8
Rxa8  28. Rb1  Ra6
29. Kg1  Bf8  30. Bh3
Ne7  31. Kf2  Nec8
32. Rb2  Ra5  33. Ne1
Rb5  34. Rxb5  Bxb5
35. Nc1  Na7  36. Bg4
Nc6  37. Bd1  Kg7
38. Nc2  Ba4  39. Ke2
Be7  40. Ne3  Bxd1+
41. Kxd1  Bf8  42. Ng4
Be7  43. Ne2  Na4
44. Kc2  h5  45. Ne3
Bf8  46. h3  Be7
47. g4  hxg4  48. hxg4
Bf8  49. f5  gxf5
50. gxf5  Nd8  51. fxe6
fxe6  52. Ng4  Be7
53. Nf4  Kf7  54. Nh3
Kg6  55. Nf4+  Kf7
56. Nh6+  Kg7  57. Nh5+
Kg6  58. Nf4+  Kxh6
59. Nxd5+  Bg5  60. Bxg5+
Kxg5  61. Ne3  Nb6
62. Kd2  Kf4  63. Nd1
Kf3  64. Nb2  Nc6 1/2-1/2

[Event "MCR mladeze 2019 - D12"]
[Site "Kouty nad Desnou"]
[Date "2019.03.16"]
[Round "9"]
[White "Havelkova, Beata"]
[Black "Dudkova, Josefina"]
[Result "1-0"]
[WhiteElo "1359"]
[BlackElo "1393"]
[EventDate "2019.03.09"]

1. e4  c5  2. c3  d6
3. d4  cxd4  4. cxd4
Nf6  5. Nc3  g6
6. Be3  Bg7  7. Bc4  O-O
8. f3  Nc6  9. Nge2
Bd7  10. O-O  Rc8
11. Bb3  a6  12. a3
b5  13. Qd2  Na5
14. Ba2  Nc4  15. Bxc4
Rxc4  16. Bh6  Qb6
17. Bxg7  Kxg7  18. Kh1
b4  19. axb4  Rxb4
20. Rfb1  Rc8  21. e5
Ne8  22. Nd5  Qb5
23. Nxb4  a5 24. Na2  Bf5
25. Nac3  Qb4  26. Rc1
Rb8  27. Ra4  Qxb2
28. Qxb2  Rxb2  29. Rxa5
dxe5  30. dxe5  Rb8
31. Ra7  e6  32. Ne4
Bxe4  33. fxe4  Rb4
34. Rf1  Rxe4  35. Rfxf7+
Kh6  36. Rxh7+  Kg5
37. Ra2  Rxe5  38. Ng1
Nf6  39. Nf3+  1-0

[Event "MCR mladeze 2019 - D12"]
[Site "Kouty nad Desnou"]
[Date "2019.03.16"]
[Round "9"]
[White "Veverkova, Dorota"]
[Black "Spacilova, Klara"]
[Result "1-0"]
[WhiteElo "1315"]
[BlackElo "1061"]
[EventDate "2019.03.09"]

1. e4  e5  2. Nf3  Nc6
3. d4  exd4  4. Bc4
Nf6  5. e5  d5
6. Bb5  Ne4  7. Nxd4  Bd7
8. Bxc6  bxc6  9. O-O
Bc5  10. Be3  O-O
11. f3  Ng5  12. f4
Ne4  13. Nd2  Qe7
14. c3  Rab8  15. Nxe4
dxe4  16. b4  Bb6
17. Nc2  Bxe3+  18. Nxe3
Rfd8  19. Qh5  c5
20. a3  Be8  21. Qg4
Bd7  22. Qg3  Bb5
23. c4  Bd7  24. Nd5
Qe6  25. f5  Qc6
26. Ne7+  Kf8  27. Nxc6
Bxc6  28. f6  gxf6
29. exf6  Rdc8  30. Qg7+
Ke8  31. Qg8+  Kd7
32. Qxf7+  Kd6  33. Rad1+
Ke5  34. Qe7# 1-0

[Event "MCR mladeze 2019 - D12"]
[Site "Kouty nad Desnou"]
[Date "2019.03.16"]
[Round "9"]
[White "Stavova, Marketa"]
[Black "Dobsa, Emma"]
[Result "1-0"]
[WhiteElo "1178"]
[BlackElo "1297"]
[EventDate "2019.03.09"]

1. e4  e5  2. Nf3  Nc6
3. Bc4  Nf6  4. Nc3
Nxe4  5. Nxe4  d5
6. Bd3  dxe4  7. Bxe4
Bd6  8. c3  O-O
9. O-O  Bg4  10. d3  Rb8
11. Be3  f5  12. Bd5+
Kh8  13. Qc2  Ne7
14. Bb3  Bxf3  15. gxf3
Nc6  16. Qd2  Qh4
17. Kh1  f4  18. Bxa7
Nxa7  19. d4  Rf6
20. Rg1  Rbf8  21. Rae1
Rh6  22. Rg2  Nc6
23. Reg1  Rf5  24. dxe5
Nxe5  25. Qd5  Rf8
26. Qxb7  Nd3  27. Qa7
Bc5  28. Qxc7  g6
29. Rf1  Bxf2  30. Rfxf2
Nxf2+  31. Rxf2  Re8
32. Re2  Rxe2  33. Qc8+
Kg7  34. Qg8+  Kf6
35. Qf7+  Ke5  36. Qe6# 1-0

[Event "MCR mladeze 2019 - D12"]
[Site "Kouty nad Desnou"]
[Date "2019.03.16"]
[Round "9"]
[White "Barteckova, Denisa"]
[Black "Vavrinkova, Marie"]
[Result "1/2-1/2"]
[WhiteElo "1136"]
[BlackElo "1236"]
[EventDate "2019.03.09"]

1. e4  e5  2. Nf3  Nf6
3. Nc3  Bb4  4. Bc4
O-O  5. O-O  d6
6. d3  h6  7. h3  Be6
8. Bb3  Nc6  9. Be3
Qd7  10. Nd5  Bxd5
11. exd5  Ne7  12. c4
Nf5  13. Qe2  Nxe3
14. Qxe3  Bc5  15. Qd2
Rfe8  16. Bc2  a5
17. a3  e4  18. dxe4
Nxe4  19. Bxe4  Rxe4
20. Qc2  Ree8  21. b3
Reb8  22. a4  Bb4
23. Rad1  Qe7  24. Nd4
Re8  25. Qd3  Qh4
26. Qf3  Re5  27. Nc2
Bc5  28. Rde1  Rae8
29. Qc3  Rxe1  30. Nxe1
Bb4  31. Nf3  Qxf2+
32. Kxf2  Bxc3  33. Rc1
Be5  34. Re1  f6
35. g4  Kf7  36. h4
b6  37. h5  Re7
38. Kg2  g6  39. Nh4  gxh5
40. gxh5  Re8  1/2-1/2

[Event "MCR mladeze 2019 - D12"]
[Site "Kouty nad Desnou"]
[Date "2019.03.16"]
[Round "9"]
[White "Sehnoutkova, Laura"]
[Black "Rolinkova, Adela"]
[Result "1-0"]
[WhiteElo "1071"]
[BlackElo "1229"]
[EventDate "2019.03.09"]

1. e4  d6  2. Nf3  e5
3. d4  Nf6  4. Nc3
g6  5. dxe5  Nh5
6. exd6  Qxd6  7. Qxd6
Bxd6  8. Bc4  O-O
9. O-O  Bg4  10. Be2
Re8  11. h3  Bxf3
12. Bxf3  Nc6  13. Bxh5
gxh5  14. Bd2  Re6
15. a3  Rae8  16. f3
Rg6  17. g4  hxg4
18. hxg4  Nd4  19. Rac1
Bc5  20. Kg2  a6
21. b4  Bd6  22. Be3
Ne6  23. Rh1  Nf4+
24. Bxf4  Bxf4  25. Rcd1
Rd6  26. Nd5  Be5
27. f4  Bb2  28. e5
Rc6  29. Nf6+  Rxf6
30. exf6  Bxf6  31. Rhe1
Rxe1  32. Rxe1  Bb2
33. a4  Bc3  34. Re4
Kf8  35. b5  axb5
36. axb5  Ba5  37. c4
h6  38. Kh3  f6
39. Kh4  Bb4  40. Kh5  Kg7
41. Rd4  Bd6  42. c5
Bxc5  43. Rd7+  Kf8
44. Kxh6  Be3  45. Kg6
Bxf4  46. Kxf6  Ke8
47. Rd1  c6  48. bxc6
bxc6  49. g5  Bc7
50. g6  Kf8  51. Rd7
Ba5  52. g7+  Kg8
53. Rf7  Bb4  54. Ra7
Bc3+  55. Kg6  1-0

[Event "MCR mladeze 2019 - D12"]
[Site "Kouty nad Desnou"]
[Date "2019.03.16"]
[Round "9"]
[White "Stribna, Julie"]
[Black "Sikorova, Jana"]
[Result "1/2-1/2"]
[WhiteElo "1034"]
[BlackElo "1198"]
[EventDate "2019.03.09"]

1. e4  c5  2. Nc3  e6
3. Nf3  a6  4. g3
b5  5. d3  Qc7
6. Bg2  Bb7  7. O-O  d6
8. Bf4  Nd7  9. Qd2
Ngf6  10. Rfe1  Be7
11. e5  dxe5  12. Nxe5
Bxg2  13. Kxg2  Nxe5
14. Bxe5  Qc6+  15. Kg1
O-O  16. Bf4  Rad8
17. Qe2  b4  18. Ne4
Nxe4  19. Qxe4  Qxe4
20. Rxe4  Bf6  21. Rb1
Rd5  22. c4  bxc3
23. bxc3  Rxd3  24. c4
Rd4  25. Rxd4  Bxd4
26. Bd6  Ra8  27. Rb6
g6  28. Rc6  Kg7
29. Bxc5  Bxc5  30. Rxc5
Rb8  31. Rc6  Rb4
32. Rxa6  Rxc4  33. Kf1
Rc1+  34. Ke2  Kf6
35. a4  Ra1  36. Ra7
g5  37. Ke3  Ra2
38. a5  h5  39. a6
g4  40. Ra8  Ke5
41. a7  Ra3+  42. Kd2
f5  43. Ke2  Ke4
44. Re8 Ra2+  45. Ke1  Rxa7
46. Rxe6+  Kf3  47. Rf6
Ra1+  48. Kd2  Ra2+
49. Kd3  Kxf2  50. Rxf5+
Kg1  51. Rxh5  Rxh2
52. Rh4  Kg2  53. Rxg4
Rh3  54. Ke4  Rxg3
55. Rxg3+  Kxg3  1/2-1/2

[Event "MCR mladeze 2019 - D12"]
[Site "Kouty nad Desnou"]
[Date "2019.03.16"]
[Round "9"]
[White "Hrbkova, Johana"]
[Black "Souralova, Jana"]
[Result "0-1"]
[WhiteElo "1179"]
[BlackElo "1178"]
[EventDate "2019.03.09"]

1. e4  e5  2. Bc4  Nf6
3. Nc3  Nc6  4. d3
Bc5  5. Nf3  d6
6. h3  h6  7. Be3  Bb6
8. O-O  O-O  9. Qe2
Be6  10. Bb3  Qe7
11. Nh2  Nd4  12. Qd2
Rad8  13. f4  exf4
14. Rxf4  Nh5  15. Rff1
Ng3  16. Rfe1  Qf6
17. Nd5  Bxd5  18. Bxd5
c6  19. Bc4  d5
20. exd5  cxd5  21. Bb3  Rfe8
22. Ng4  Qg6  23. Qf2
h5  24. Qxg3  hxg4
25. hxg4  Nf5  26. Qf3
Nxe3  27. Kh1  Nxg4
28. c3  Qh6+  29. Qh3
Nf2+  30. Kh2  Nxh3
31. d4  Nf2+  32. Kg1
Nd3  33. Red1  Nxb2
34. Rf1  Bc7  35. Rab1
Nd3  36. Bc2  Qh2#
0-1

[Event "MCR mladeze 2019 - D14"]
[Site "Kouty nad Desnou"]
[Date "2019.03.16"]
[Round "9"]
[White "Lhotska, Anna"]
[Black "Pejrimovska, Viola Ruby"]
[Result "1/2-1/2"]
[WhiteElo "1845"]
[BlackElo "1486"]
[EventDate "2019.03.09"]

1. Nf3  Nf6  2. c4  g6
3. Nc3  d6  4. g3
Bg7  5. Bg2  O-O
6. O-O  e5  7. d4
Nfd7  8. Bg5  f6
9. Be3  c6  10. Qc2
f5  11. Bg5  Qe8
12. dxe5  dxe5  13. Qd2
Nf6  14. b4  Nbd7
15. Bh6  Qe7  16. Bxg7
Kxg7  17. Qb2  Nb6
18. Nd2  Be6  19. c5
Nc4  20. Nxc4  Bxc4
21. Rfd1  e4  22. Rd4
Be6  23. Rad1  Kg8
24. a3  Nd5  25. Nxd5
Bxd5  26. e3  Rad8
27. Qd2  a6  28. Bf1
Rd7  29. Bc4  Rfd8
30. Bxd5+  Rxd5  31. Rxd5
Rxd5  32. Qa2  Qf7
33. Rxd5  cxd5  34. a4
Qd7  35. Qb3  Qc6
36. b5  Qxc5  37. bxa6
bxa6  38. Qb8+  Qf8
39. Qb7  Qd6  40. a5
Qe6  41. Qb6  Qc8
1/2-1/2

[Event "MCR mladeze 2019 - D14"]
[Site "Kouty nad Desnou"]
[Date "2019.03.16"]
[Round "9"]
[White "Trasakova, Adela"]
[Black "Strnadova, Monika"]
[Result "1-0"]
[WhiteElo "1579"]
[BlackElo "1521"]
[EventDate "2019.03.09"]

1. d4  Nf6  2. Bf4  g6
3. Nf3  Bg7  4. Nbd2
O-O  5. e4  d6
6. h3  Nbd7  7. c3  c5
8. Bc4  cxd4  9. cxd4
Re8  10. e5  dxe5
11. dxe5  Nh5  12. Bh2
Bh8 13. e6 fxe6  14. Bxe6+  Kf8
15. Qc2  Ndf6  16. Bc7 Bxe6  17.
Bxd8  Rexd8  18. O-O Nf4  19.
Rfe1  Bf5  20. Qb3  Nd3 21. Ng5
e6  22. Nxe6+  Bxe6
23. Qxe6  Nxe1  24. Qxe1
Nd5 25. Rb1 Re8  26. Qd1  Rad8
27. Qf3+  Nf6  28. Nc4 Rd7
29. Rd1  Rc7 30. Ne3  Rf7
31. Qe2  Ne4  32. Rf1
Bd4 33. Qb5 Ng3  34. fxg3  Bxe3+
35. Kh2  Rxf1  36. Qxf1+
Kg8  37. Qc4+  Kf8
38. Qc3  h5  39. Qf6+
1-0

[Event "MCR mladeze 2019 - D14"]
[Site "Kouty nad Desnou"]
[Date "2019.03.16"]
[Round "9"]
[White "Stastna, Martina"]
[Black "Ruzickova, Ema"]
[Result "1/2-1/2"]
[WhiteElo "1660"]
[BlackElo "1363"]
[EventDate "2019.03.09"]

1. e4  e5  2. Nf3  Nc6
3. Bb5  a6  4. Ba4
Nf6  5. O-O  Be7
6. Re1  b5  7. Bb3
O-O  8. d3  d5
9. exd5  Nxd5  10. Nxe5  Nxe5
11. Rxe5  c6  12. Nd2
Bd6  13. Re1  Nf4
14. Nf1  g6  15. Bxf4
Bxf4  16. Qf3  Qc7
17. h3  Bb7  18. Ne3
Rad8  19. Rad1  Rd7
20. Ng4  Kg7  21. Qe2
h5  22. Ne3  c5
23. c3  Kh7  24. Bc2  Re8
25. Qf1  Re6  26. Bb3
Red6  27. a4  Bxe3
28. fxe3  c4  29. dxc4
bxc4  30. Rxd6  Rxd6
31. Qxc4  Qe7  32. Qxf7+
Qxf7  33. Bxf7  Rd2
34. b3  Rxg2+  35. Kf1
Rc2  36. e4 Rxc3 37. Be6
1/2-1/2

[Event "MCR mladeze 2019 - D14"]
[Site "Kouty nad Desnou"]
[Date "2019.03.16"]
[Round "9"]
[White "Voriskova, Anna"]
[Black "Habinova, Alice"]
[Result "0-1"]
[WhiteElo "1603"]
[BlackElo "1409"]
[EventDate "2019.03.09"]

1. e4  e5  2. Nf3 Nc6  3. Bb5
Nge7  4. O-O  a6
5. Bc4  h6  6. Re1
d6  7. h3  b5
8. Bb3  Na5  9. d4  Nxb3
10. axb3  Ng6  11. Nc3
Bb7  12. Qd3  Be7
13. Ne2  O-O  14. Ng3
Re8  15. c3  Bf8
16. Nh2  d5  17. f3
Qh4  18. Nhf1  Rad8
19. Bd2  dxe4  20. fxe4
Bc5  21. Be3  Nf4
22. Qd2  Ne6  23. Nf5
Qxe4  24. Qf2  exd4
25. cxd4  Bb6  26. Rad1
Qd5  27. N1g3  Nxd4
28. Nxd4  Rxe3  29. Rxe3
Bxd4  30. Rxd4  Qxd4
31. Nf5  Qd1+  32. Re1
Qxb3  33. Re3  Qd1+
34. Re1  Qd2  35. Re2
Qa5  36. Qg3  Qb6+
37. Kh2  g5  38. h4
Kh7  39. hxg5  Qg6
40. Qxc7  Qh5+  41. Kg1
Rd1+  42. Kf2  Bxg2
43. g6+  Qxg6  44. Ng3
Bh3  45. Qf4  Qb6+
46. Re3  Kg8  47. Ke2
Qd6  48. Re8+  Kg7
49. Qe3  Bg4+  50. Kf2
Qf6+  0-1

[Event "MCR mladeze 2019 - D14"]
[Site "Kouty nad Desnou"]
[Date "2019.03.16"]
[Round "9"]
[White "Vankova, Marie"]
[Black "Sulcova, Tereza Radmila"]
[Result "0-1"]
[WhiteElo "1341"]
[BlackElo "1268"]
[EventDate "2019.03.09"]

1. e4  e6  2. d4  d5
3. Nd2  Nf6  4. e5
Nfd7  5. Bd3  c5
6. c3  Qb6  7. Ne2
Nc6  8. Nf3  Be7
9. O-O  O-O  10. a3
Kh8  11. Bb1  Re8
12. Qc2  Nf8  13. Bg5
Qd8  14. Bxe7  Qxe7
15. Qd2  Na5  16. Qf4
Ng6  17. Bxg6  fxg6
18. Ng5  Rf8  19. Qg4
cxd4  20. Nxd4  Nc4
21. Ngxe6  Nd2  22. Qe2
Bxe6  23. Qxd2  Bg8
24. Rfe1  Rae8  25. Nb5
Qc5  26. Nd6  Re7
27. Qd4  Qa5  28. Rad1
a6  29. Re2  Qc7
30. Qb4  b5  31. a4
bxa4  32. Qxa4  Rd8
33. Qxa6  Qc5  34. Nb7
Qc8  35. b4  Rxb7
36. e6  Qc7  37. Red2
Rb6  38. Qa5  Bxe6
39. c4  Rc6  40. Qa4
Rxc4  41. Re2  Bg8
42. Qa3 Re4  43. Qd3  Rxe2
44. Qxe2  Qb6  45. Qb2
Rc8  46. h3  Rc5
47. Qd4  Rb5  48. Qxb6
Rxb6  49. Rd4  Rc6
50. b5  Rb6  51. Rb4
Be6  52. Kf1  Kg8
53. Ke2  Bd7  0-1

[Event "MCR mladeze 2019 - D14"]
[Site "Kouty nad Desnou"]
[Date "2019.03.16"]
[Round "9"]
[White "Zemanova, Nikola"]
[Black "Fizerova, Lucie"]
[Result "1/2-1/2"]
[WhiteElo "1387"]
[BlackElo "1537"]
[EventDate "2019.03.09"]

1. d4  Nf6  2. c4  e6
3. Bf4  b6  4. Nf3
Bb7  5. e3  Be7
6. Be2  O-O  7. O-O  d6
8. Nc3  Na6  9. b3
h6  10. h3  Re8
11. Rc1  Qd7  12. Qc2  Nh5
13. Bh2  f5  14. Ne5
dxe5  15. Bxh5  Red8
16. Bxe5  Nb4  17. Qe2
c5  18. Rfd1  Qc8
19. dxc5  Bxc5  20. Rxd8+
Qxd8  21. Rd1  Qg5
22. Bf3  Bxf3  1/2-1/2

[Event "MCR mladeze 2019 - D14"]
[Site "Kouty nad Desnou"]
[Date "2019.03.16"]
[Round "9"]
[White "Smajzrova, Dominika"]
[Black "Dudova, Pavlina"]
[Result "1/2-1/2"]
[WhiteElo "1400"]
[BlackElo "1505"]
[EventDate "2019.03.09"]

1. e4  e5  2. Nf3  Nc6
3. d4  exd4  4. Bc4
d6  5. h3  Nf6
6. Bg5  Be7  7. Nxd4  O-O
8. O-O  Bd7  9. Nc3
Re8  10. Re1  Ne5
11. Bb3  h6  12. Bh4
Ng6  13. Bg3  Bf8
14. f4  c5  15. f5
Ne5  16. Nf3  Bc6
17. Bd5  Bxd5  18. Nxd5
Nxd5  19. Qxd5  Nxf3+
20. gxf3  Qe7  21. Rad1
Rad8  22. f4  Kh7
23. e5  dxe5  24. Qxe5
Rxd1  25. Rxd1  f6
26. Qxe7  Rxe7  27. Rd8
Kg8  28. Bf2  b6
29. b3  Kf7  30. c3
Rc7  31. Kf1  Ke7
32. Rd3  Rd7  33. Rxd7+
Kxd7  34. Ke2  Kc6
35. Kd3  Kd5  36. c4+
Kc6  37. h4  h5
38. Kc3  Bd6  39. Be3  a6
1/2-1/2

[Event "MCR mladeze 2019 - D14"]
[Site "Kouty nad Desnou"]
[Date "2019.03.16"]
[Round "9"]
[White "Maresova, Michaela"]
[Black "Nagyova, Daniela"]
[Result "1-0"]
[WhiteElo "1335"]
[BlackElo "1397"]
[EventDate "2019.03.09"]

1. e4 e5 2. d4 exd4 3. Nf3 Nc6 4. Bc4 Nf6 5. O-O Nxe4 6. Re1 d5 7. Bxd5 Qxd5 8.
Nc3 Qh5 9. Nxe4 Be6 10. Bg5 h6 11. Bf6 Qb5 12. Nxd4 Nxd4 13. Qxd4 gxf6 14. Nxf6+
Ke7 15. Nd5+ Kd8 16. Nc3+ Qd7 17. Qxh8 Ke8 18. Rad1 Qc6 19. Qd4 Bc5 20. Qa4 Qxa4
21. Nxa4 Bd6 22. Nc3 Ke7 23. Nb5 Bb4 24. Re4 Ba5 25. Nd4 Rf8 26. Nf5+ Kf6 27.
Nxh6 Bb6 28. Ng4+ Kf5 29. Ra4 Re8 30. h3 Re7 31. Rd3 Bd7 32. Rd5+ Ke6 33. Re5+
Kd6 34. Rxe7 Kxe7 35. Re4+ Kf8 36. Ne5 Bf5 37. Rf4 Be6 38. h4 c6 39. Rf3 Bd5 40.
Rd3 Bc7 41. Nf3 Kg7 42. g4 Bf4 43. g5 f6 44. gxf6+ Kxf6 45. Ne1 Kg6 46. c4 Be6
47. Ng2 Bc7 48. b3 b5 49. cxb5 cxb5 50. Rc3 Bd8 51. Nf4+ Kf5 52. Nxe6 Kxe6 53. h5
Kf6 54. Rg3 Kf7 55. h6 Bf6 56. Rf3 Kg6 57. Rxf6+ Kxf6 58. Kf1 Kg6 59. Ke2 Kxh6
60. Ke3 Kg5 61. Kd4 Kf5 62. Kc5 a6 63. Kb6 1-0